| 000 | 00451nam a2200205Ia 4500 | ||
|---|---|---|---|
| 001 | 13225 | ||
| 003 | GE_BSU | ||
| 008 | 181216s||||||||xx |||||||||||||| ||und|| | ||
| 020 | _a0006473008 | ||
| 040 | _cGE_BSU | ||
| 080 | _a821.111-312.4 | ||
| 100 | _aSeymour,Gerald. | ||
| 245 | 4 | _aThe Journeyman tailor. | |
| 260 | _aLondon. | ||
| 260 | _bFontana. | ||
| 260 | _c1992 | ||
| 300 | _a349p;23cm. | ||
| 653 | _aThe Journeyman tailor. | ||
| 942 | _cBK | ||
| 999 |
_c46389 _d46389 |
||